000 01026cam a2200265Ka 4500
005 20150610070838.0
008 150610s2011 gw ad fr 000 0 eng d
020 _a9783834933553
035 _a(OCoLC)755068892
_z(OCoLC)763154877
040 _aCO-BoUCM
_bspa
_cJose A. Gerena
_dJose A. Gerena
041 0 _aeng
100 1 _aGrahl, Alexander de
_969527
245 1 0 _aSuccess factors in logistics outsourcing
_cAlexander de Grahl
260 _aWiesbaden (Hesse, Alemania)
_bGabler Verlag
_c2011
300 _axv, 109 páginas
_bilustraciones, cuadros
490 1 _aGabler research
_aEssays on supply chain management
504 _aIncluye referencias bibliográficas
650 7 _aAdministración de empresas
_926444
650 7 _aAdministración de la producción
_968792
650 7 _aLogística en los negocios
_918805
650 7 _aEstrategias empresariales
_915121
690 _942736
_aAdministración de empresas
942 _2DEWEY
_a16
_cLIBRORESER
_e1
_h658.5
_mG742
999 _c299436
_d299436